书目信息 |
| 题名: |
PPP与工程项目融资
|
|
| 作者: | 比勒陀利乌斯 著 ;宋光辉 , 李俊 , 叶震 译 | |
| 分册: | ||
| 出版信息: | 北京 机械工业出版社 2018 |
|
| 页数: | 51,346页 | |
| 开本: | 24cm | |
| 丛书名: | PPP与项目融资系列 | |
| 单 册: | ||
| 中图分类: | F294 , F29 | |
| 科图分类: | ||
| 主题词: | 基础设施--融资--研究 | |
| 电子资源: | ||
| ISBN: | 978-7-111-56970-1 | |
| 000 | 01423oam2 2200325 450 | |
| 001 | 2253841804 | |
| 005 | 20220927145746.91 | |
| 010 | @a978-7-111-56970-1@dCNY70.00 | |
| 100 | @a20181129d2018 em y0chiy50 ea | |
| 101 | 1 | @achi@ceng |
| 102 | @aCN@b110000 | |
| 105 | @aa z 000yy | |
| 200 | 1 | @aPPP与工程项目融资@9PPP yu gong cheng xiang mu rong zi@dProject finance for construction and infrastructure@eprinciples and case studies@f(美)弗雷德里克·比勒陀利乌斯(Frederik Pretorius)[等]著@g宋光辉,李俊,叶震译@zeng |
| 210 | @a北京@c机械工业出版社@d2018 | |
| 215 | @a51,346页@c图@d24cm | |
| 225 | 1 | @aPPP与项目融资系列 |
| 304 | @a著者还有:(美)保罗·勒若(Pual Lejot)、(美)亚瑟·麦金尼斯(Arthur Mclnnis)、(美)道格拉斯·阿纳(Douglas W. Arner)、许方中(Berry F.C. Hsu) | |
| 305 | @a由John Wiley & Sons公司授权出版 | |
| 330 | @a本书分别从项目融资的本质、项目融资的复杂交易、财务评估、风险管理以及PFI与PPP的发展等方面,对项目融资进行了详细论述。 | |
| 461 | 0 | @12001 @aPPP与项目融资系列 |
| 510 | 1 | @aProject finance for construction and infrastructure@eprinciples and case studies@zeng |
| 606 | 0 | @a基础设施@x融资@x研究 |
| 690 | @aF294@v5 | |
| 690 | @aF29@v4 | |
| 701 | 0 | @c(美)@a比勒陀利乌斯@9bi le tuo li wu si@c(Pretorius, Frederik)@4著 |
| 702 | 0 | @a宋光辉@9song guang hui@4译 |
| 702 | 0 | @a李俊@9li jun@4译 |
| 702 | 0 | @a叶震@9ye zhen@4译 |
| 801 | 0 | @aCN@b91MARC@c20181129 |
| 905 | @aZUCC@dF29@e32 | |
| PPP与工程项目融资=Project finance for construction and infrastructure:principles and case studies/(美)弗雷德里克·比勒陀利乌斯(Frederik Pretorius)[等]著/宋光辉,李俊,叶震译.-北京:机械工业出版社,2018 |
| 51,346页:图;24cm.-(PPP与项目融资系列) |
| ISBN 978-7-111-56970-1:CNY70.00 |
| 本书分别从项目融资的本质、项目融资的复杂交易、财务评估、风险管理以及PFI与PPP的发展等方面,对项目融资进行了详细论述。 |
| ● |
| 相关链接 |
|
|
|
正题名:PPP与工程项目融资
索取号:F29/32
 
预约/预借
| 序号 | 登录号 | 条形码 | 馆藏地/架位号 | 状态 | 备注 |
| 1 | 2000902867 | 2000902867 | 第三书库/ [索取号:F29/32] | 在馆 | |
| 2 | 2000902868 | 2000902868 | 第三书库/ [索取号:F29/32] | 在馆 | |
| 3 | 2000902869 | 2000902869 | 第三书库/ [索取号:F29/32] | 在馆 |